000 01285nam0a2200349 4500
001 RU\NLR\BIBL_A\012752251
005 20220622163900.0
010 _a978-5-00180-415-4
_9200
021 _aRU
_bКН-П-21-092492
_9КН-П-21-7376
035 _a(NLR Aleph) 012752251
035 _a(RuMoRGB)010938788
090 _a13035939
_c13035939
100 _a20220406d2022 u y0rusy50 ca
101 0 _arus
102 _aRU
105 _aac z 000zy
181 0 _ai3
_baxxe
182 0 _an
200 1 _aВо все тяжкие
_eистория главного антигероя
_fВадим Тушин
203 _aТекст
_bвизуальный
_cнепосредственный
210 _aМосква
_cРодина
_d2022 [т. е. 2021]
215 _a221, [2] с.
_cил., портр.
_d22
225 1 _aПокорившие мир
300 _aКн. фактически изд. в 2021 г.
605 _a"Во все тяжкие"
_lтелесериал
_2nlr_sh2
_3RU\NLR\AUTH\6601581505
675 _a821.161.1-31
_v4
686 1 _aЩ382.3(7США)6-7"Во все тяжкие"
700 1 _aТушин
_bВ. Т.
_gВадим Тиберьевич
942 _cBOOK
980 _aNB